Persona 5: The Phantom X Character Quiz - Statistics

General Stats
  • This quiz has been taken 24 times
  • The average score is 4 of 15
Answer Stats
Character % Correct
Wonder
68%
Motoha Arai
47%
Ann Takamaki
32%
Morgana
32%
Ryuji Sakamoto
32%
Futaba Sakura
26%
Goro Akechi
26%
Makoto Niijima
26%
Ren Amamiya
26%
Yusuke Kitagawa
26%
Haru Okumura
21%
Ruferu
16%
Kotone Montagne
11%
Seiji Shiratori
5%
Yukimi Fujikawa
5%
No matching quizzes found
Score Distribution
Percent of People with Each Score
Percentile by Number Answered
Your Score History
You have not taken this quiz